| 000 | 00734nam a2200193 a 4500 | ||
|---|---|---|---|
| 001 | 49432 | ||
| 005 | 20180714034129.0 | ||
| 008 | 140415d 000 0 spa d | ||
| 020 | _a0134408845 | ||
| 041 | _aspa | ||
| 082 |
_a339 _bRIL |
||
| 100 | 1 | _aRILEY, TERESA | |
| 245 | 1 | 0 |
_aPRINCIPLES OF MACROECONOMICS : _bTEST ITEM FILE #1 |
| 250 | _a4ed. | ||
| 260 |
_a[s.l.] : _bPRENTICE-HALL, INC., _c[s.f.] |
||
| 300 |
_a278 _c20.9 x 3.4 x 26.3 |
||
| 520 | _aTHIS TEST ITEM FILE HAS BEEN REVISED TO ACCOMPANY PRINCIPLES OF ECONOMICS, 4TH EDITION BY KARL CASE AND RAY FAIR. THE QUESTIONS IN THE TEST ITEM FILE WERE WRITTEN TO CLOSELY MATCH THE MATERIAL AS IT IS PRESENTED IN THE TEXTBOOK. | ||
| 650 | 1 | 4 | _aMACROECONOMIA |
| 999 |
_c49432 _d49432 |
||